Margins and institutions. Art in Chile since 1973 /
Kaydedildi:
| Yazar: | |
|---|---|
| Materyal Türü: | Kitap |
| Dil: | English |
| Baskı/Yayın Bilgisi: |
Melburne:
Art & Text,
1985?.
|
| Seri Bilgileri: | Art y text. Special Issue
21 |
| Konular: | |
| Etiketler: |
Etiketle
Etiket eklenmemiş, İlk siz ekleyin!
|
MARC
| LEADER | 00000nam a22000007a 4500 | ||
|---|---|---|---|
| 008 | 150428q1985 aca||||| |||| 00| 0 eng d | ||
| 022 | |a 0727-1182 | ||
| 040 | |a CRU CIICLA | ||
| 041 | |a eng |b eng |f eng | ||
| 090 | |a Revista: Margins and institutions. Art in Chile since 1973 | ||
| 100 | 1 | |a Richard, Nelly | |
| 245 | 1 | 0 | |a Margins and institutions. Art in Chile since 1973 / |c Nelly Richard |
| 260 | |a Melburne: |b Art & Text, |c 1985?. | ||
| 300 | |a volúmenes: |b ilustraciones | ||
| 490 | 1 | |a Art y text. Special Issue |v 21 | |
| 500 | |a Contiene: Preface / Juan Davila and Paul Foss -- Introduction -- Ellipsis and metaphor -- The photographic condition -- The scene of writing -- The dimensión of social exeriority in the production of art -- Rhetoric on the body -- The displacement of supports and the eradication of the boundaries between genres -- The problematic ol Latin American Art -- Return to the pleasurable -- History and memories -- Margenes e institucion. | ||
| 650 | 1 | 4 | |a ARTE |x ASPECTOS POLITICOS |z CHILE |
| 650 | 1 | 4 | |a VANGUARDISMO (ESTETICA) |
| 942 | |2 ddc |c CR | ||
| 999 | |c 4052 |d 4052 | ||
